00518nam a2200193Ii 450000100060000000300090000600800410001502000150005604000330007104100080010408200170011210000190012924500370014826400460018530000120023133600260024333700280026933800270029715758CO-ViMGA241108s9999||||xx |||||||||||||| ||und|| a842020322X aCO-ViMGAbspaerdacCO-ViMGA0 aspa04a946.081 A91m1 aManuel Azaña10aMemorias políticas y de guerra 1aMadrid, España : Afrodisio Aguado, 1976 avolumen atextbtxt2rdacontent aunmediatedbn2rdamedia avolumebnc2rdacarrier